[Event "Nordic zt"]
[Site "?"]
[Date "1992.??.??"]
[Round "5"]
[White "Gausel, Einar"]
[Black "Westerinen, Heikki MJ"]
[Result "1-0"]
[WhiteElo "2485"]
[BlackElo "2390"]

1.Nf3 d5 2.g3 c6 3.Bg2 Nf6 4.O-O Bg4 5.d3 e6 6.Nbd2 Nbd7 7.h3 Bxf3 8.Nxf3 Be7
9.Qe1 O-O 10.e4 dxe4 11.dxe4 Nc5 12.e5 Nd5 13.Qe2 a5 14.h4 Qb6 15.Ng5 Rad8
16.Ne4 Qc7 17.Nxc5 Bxc5 18.Kh1 Bd4 19.f4 Qb6 20.c3 Bc5 21.h5 Rd7 22.Be4 Be3
23.f5 exf5 24.e6 Bxc1 25.exd7 fxe4 26.Raxc1 f5 27.Rcd1 Qc7 28.c4 Nf6 29.Rxf5 Rd8
30.Rxf6 gxf6 31.Qxe4 Kf8 32.Rf1 Qxd7 33.Rxf6+ Kg7 34.Qe5 Qh3+ 35.Kg1 Kg8
36.Qg5+ Kh8 37.Rf1 Qe6 38.Qxd8+  1-0

[Event "Nordic zt"]
[Site "?"]
[Date "1992.??.??"]
[Round "8"]
[White "Gausel, Einar"]
[Black "Petursson, Margeir"]
[Result "0-1"]
[WhiteElo "2485"]
[BlackElo "2565"]

1.Nf3 d5 2.g3 c6 3.Bg2 Bg4 4.O-O Nd7 5.d3 Ngf6 6.Nbd2 e5 7.h3 Bh5 8.e4 Bd6
9.Qe1 O-O 10.Nh4 Re8 11.Bf3 Bxf3 12.Nhxf3 Nc5 13.Qe2 b5 14.Nh2 Ne6 15.c3 b4
16.Ng4 Nxg4 17.hxg4 bxc3 18.bxc3 Qa5 19.Bb2 Rab8 20.Nb3 Qb6 21.exd5 cxd5
22.c4 dxc4 23.dxc4 Nc5 24.Ba3 Nxb3 25.axb3 Bc5 26.Rfb1 e4 27.Bxc5 Qxc5 28.Qe3 Qxe3
29.fxe3 Re7 30.b4 Rc7 31.c5 h6 32.Ra5 Kh7 33.Kf2 Kg6 34.Ra6+ Kg5 35.c6 Rd8
36.Rb2 Kxg4 37.b5 g5 38.Ra4 f5 39.Rd4 Rb8 40.Rd6 Rb6 41.Rd5 Rcxc6 42.Kg2 a6  0-1

[Event "Norresundby op"]
[Site "Norresundby"]
[Date "1992.??.??"]
[Round "2"]
[White "McNab, Colin Anderson"]
[Black "Jelling, Erik"]
[Result "1-0"]
[WhiteElo "2475"]
[BlackElo "2400"]

1.Nf3 d5 2.g3 Nf6 3.Bg2 Bf5 4.b3 e6 5.Bb2 h6 6.O-O Be7 7.d3 O-O 8.Nbd2 c5
9.Ne5 Nfd7 10.e4 Bh7 11.Nxd7 Qxd7 12.Qg4 d4 13.f4 Nc6 14.Qe2 Rae8 15.a4 f5
16.e5 Nb4 17.Nc4 Rd8 18.Rae1 Nd5 19.Bc1 Qe8 20.Kh1 b6 21.Bd2 Qf7 22.Bf3 Kh8
23.Rg1 Rg8 24.h3 Bg6 25.Rg2 Qf8 26.Reg1 Be8 27.g4 fxg4 28.Bxg4 Nxf4 29.Bxf4 Qxf4
30.Rf1 Qg5 31.Bxe6 Bc6 32.Bxg8 Kxg8 33.Kh2 Qxg2+ 34.Qxg2 Bxg2 35.Kxg2 Rf8
36.Rxf8+ Kxf8 37.Kf3 Kf7 38.Ke4 Ke6 39.b4 Bd8 40.Nd6 Bc7 41.bxc5 bxc5 42.Nb7 Bxe5
43.Nxc5+ Kd6 44.Nb7+ Ke6 45.Nd8+ Kf6 46.Nc6  1-0

[Event "Norresundby op"]
[Site "Norresundby"]
[Date "1992.??.??"]
[Round "5"]
[White "Pigusov, Evgeny"]
[Black "Christensen, Tobias"]
[Result "1-0"]
[WhiteElo "2550"]
[BlackElo "2345"]

1.Nf3 d5 2.g3 Nf6 3.Bg2 c5 4.O-O Nc6 5.d4 cxd4 6.Nxd4 Bg4 7.h3 Nxd4 8.hxg4 e5
9.Nc3 Nc6 10.e3 d4 11.exd4 Qxd4 12.g5 Nd7 13.Be3 Qxd1 14.Rfxd1 O-O-O 15.Bh3 Bb4
16.Nb5 a6 17.a3 axb5 18.axb4 Kc7 19.Bxd7 Rxd7 20.Bb6+ Kc8 21.Ra8+ Nb8 22.Rxb8+  1-0

[Event "Norresundby op"]
[Site "Norresundby"]
[Date "1992.??.??"]
[Round "7"]
[White "Pigusov, Evgeny"]
[Black "Jelling, Erik"]
[Result "1/2-1/2"]
[WhiteElo "2550"]
[BlackElo "2400"]

1.Nf3 d5 2.g3 Nf6 3.Bg2 c6 4.c4 dxc4 5.Na3 b5 6.O-O a6 7.d3 cxd3 8.Ne5 Bb7
9.Nxd3 e6 10.Be3 Nbd7 11.Rc1 Rc8 12.Qb3 Nd5 13.Nc5 Nxc5 14.Bxc5 Bxc5 15.Rxc5 O-O
16.Rfc1 Qb6 17.Nb1 Nf6 18.Nd2 Nd7 19.Rh5 c5 20.Nc4 bxc4 21.Qxb6 Nxb6 22.Bxb7 Rc7
23.Bxa6 g6 24.Re5 Ra8 25.Bxc4 Nxc4 26.Rxc4 Rxa2 27.b4 Ra4 28.Rcxc5 Rxc5 29.bxc5 Rc4
30.h4 Kf8 31.h5 Ke7 32.hxg6 hxg6 33.Rg5 Kd7 34.Kg2 Kc6 35.Kf3 Rxc5 36.Rg4 Kd6
37.Ra4 Ke7 38.g4 g5 39.e3  1/2-1/2

[Event "Novi Sad"]
[Site "Novi Sad"]
[Date "1992.??.??"]
[Round "2"]
[White "Shuraev, Andrei"]
[Black "Lazic, Miroljub"]
[Result "1/2-1/2"]
[WhiteElo "2370"]
[BlackElo "2430"]

1.Nf3 d5 2.g3 Bg4 3.Bg2 c6 4.c4 e6 5.O-O Nd7 6.d3 Ngf6 7.Nc3 Bd6 8.a3 a5
9.Rb1 Qe7 10.b4 axb4 11.axb4 Bxb4 12.Qb3 Bd6 13.Qxb7 O-O 14.Qxc6 Rfe8 15.Qb7 Reb8
16.Qc6 Rc8 17.Qb7 Rcb8  1/2-1/2

[Event "Oakham"]
[Site "Oakham"]
[Date "1992.??.??"]
[Round "8"]
[White "Turner, Matthew"]
[Black "Mueller, Karsten"]
[Result "1/2-1/2"]
[WhiteElo "2250"]
[BlackElo "2460"]

1.Nf3 d5 2.g3 Nf6 3.Bg2 Bg4 4.O-O Nbd7 5.d4 e6 6.b3 Bd6 7.Bb2 Bxf3 8.exf3 O-O
9.Nd2 e5 10.c4 c6 11.dxe5 Bxe5 12.Bxe5 Nxe5 13.f4 Ned7 14.cxd5 Nxd5 15.Nc4 N7f6
16.Qc2 Re8 17.Rad1 Qc7 18.Ne5 Rad8 19.Rd4 Qb6 20.Rfd1 h6 21.Qd2 Re7 22.Nc4 Qc7
23.Ne3 Red7 24.Nxd5 Nxd5 25.Qe1 Nf6 26.Rxd7 Rxd7 27.Bf3 Qd8 28.Rxd7 Qxd7
29.Qa5  1/2-1/2

[Event "Oberwart op"]
[Site "Oberwart"]
[Date "1992.??.??"]
[Round "5"]
[White "Schmittdiel, Eckhard"]
[Black "Medunova, Vera"]
[Result "1-0"]
[WhiteElo "2480"]
[BlackElo "2120"]

1.Nf3 d5 2.g3 Nf6 3.Bg2 Nbd7 4.O-O e6 5.b3 Be7 6.Bb2 O-O 7.c4 c6 8.d3 Re8
9.Qc2 Bf8 10.e4 dxe4 11.dxe4 e5 12.Nc3 Qc7 13.h3 a5 14.Na4 Nc5 15.Nxc5 Bxc5
16.Kh2 Bd7 17.Rad1 Re7 18.Ne1 Rae8 19.Nd3 Bd4 20.Bxd4 exd4 21.e5 Nh5 22.Bf3 g6
23.Bxh5 gxh5 24.Qd2 Bf5 25.Qg5+ Bg6 26.f4 f5 27.exf6 Re2+ 28.Kg1 R8e3 29.Ne5 c5
30.f7+ Kg7 31.f5 Qxe5 32.f8=Q+ Kxf8 33.fxg6+ Kg7 34.Rf7+  1-0

[Event "RUS-ch"]
[Site "Orel"]
[Date "1992.??.??"]
[Round "?"]
[White "Karasev, Vladimir I"]
[Black "Shabanov, Yuri"]
[Result "0-1"]
[WhiteElo "2380"]
[BlackElo "2425"]

1.Nf3 d5 2.g3 c6 3.Bg2 Bg4 4.h3 Bh5 5.d3 e6 6.O-O Bd6 7.e4 Ne7 8.Nbd2 Nd7
9.Qe1 O-O 10.Nh2 e5 11.f4 exf4 12.gxf4 Ng6 13.e5 Bc5+ 14.Kh1 Nh4 15.Ndf3 Nf5
16.c3 Re8 17.d4 Be7 18.Ng4 Nf8 19.Ne3 Bg6 20.Rg1 Ne6 21.Nxf5 Bxf5 22.Be3 Nf8
23.Qg3 Ng6 24.Rad1 Qd7 25.Rd2 h6 26.h4 h5 27.Ng5 Bxg5 28.Qxg5 Bg4 29.Bf1 Nf8
30.Bh3 f5 31.Bxg4 hxg4 32.h5 Qf7 33.Rh2 Re6 34.b3 Rh6 35.Qh4 Ne6 36.Kg2 Kh7
37.Rgh1 Rh8 38.Kf1 Kg8 39.c4 Qd7 40.c5 b6 41.cxb6 axb6 42.Qf2 c5 43.Qd2 cxd4
44.Bxd4 g6 45.a4 gxh5 46.Bxb6 d4 47.Qc2 Qb7 48.Qxf5 g3 49.Rg1 Qf3+ 50.Ke1 Qe3+
51.Kf1 Qc1+ 52.Kg2 Nxf4+ 53.Kh1 Qc6+ 54.Rgg2 Nxg2 55.Rxg2 h4 56.Qg5+ Kf7
57.Qf5+ Ke8 58.e6 Rf8 59.Qd3  0-1

[Event "RUS-ch"]
[Site "Orel"]
[Date "1992.??.??"]
[Round "?"]
[White "Poluljahov, Aleksandr"]
[Black "Landa, Konstantin"]
[Result "0-1"]
[WhiteElo "2425"]
[BlackElo "2440"]

1.Nf3 d5 2.g3 c6 3.c4 dxc4 4.Na3 b5 5.Bg2 a6 6.b3 cxb3 7.Qxb3 Qd5 8.Qc2 Bg4
9.h3 Bxf3 10.Bxf3 Qd6 11.d4 e6 12.O-O Nd7 13.Rd1 Ngf6 14.Bb2 Rc8 15.d5 exd5
16.e4 Be7 17.Qe2 Qe6 18.e5 Nxe5 19.Re1 Nxf3+ 20.Qxf3 Ne4 21.Bxg7 Rg8 22.Bd4 Qxh3
23.Re3 Rg6 24.Rae1 Rh6 25.Nb1 c5 26.Bb2 Rcc6 27.Qg2 Qxg2+ 28.Kxg2 Rhe6 29.f3 Nf6
30.Kf2 d4 31.Re5 Rxe5 32.Rxe5 Re6 33.Rf5 d3 34.Bc3 c4 35.g4 b4 36.Bd4 c3
37.Nxc3 bxc3 38.Bxc3 Nd7 39.Rd5 Bc5+ 40.Kg3 Rd6  0-1

[Event "Orel"]
[Site "Orel"]
[Date "1992.??.??"]
[Round "?"]
[White "Godes, A."]
[Black "Barsov, Alexei"]
[Result "1/2-1/2"]
[WhiteElo "2395"]
[BlackElo "2400"]

1.Nf3 d5 2.g3 c6 3.Bg2 Bg4 4.c4 e6 5.O-O Nf6 6.Ne5 Bh5 7.d4 Nbd7 8.Nxd7 Qxd7
9.cxd5 exd5 10.Nc3 Bd6 11.Bg5 Ng8 12.Qd2 Ne7 13.e4 dxe4 14.Nxe4 O-O 15.Nxd6 Qxd6
16.Bxe7  1/2-1/2

[Event "Orel"]
[Site "Orel"]
[Date "1992.??.??"]
[Round "?"]
[White "Godes, A."]
[Black "Guliev, Sarhan"]
[Result "0-1"]
[WhiteElo "2395"]
[BlackElo "2470"]

1.Nf3 d5 2.g3 Nf6 3.Bg2 c6 4.O-O Bf5 5.b3 e6 6.c4 h6 7.Bb2 Nbd7 8.Nc3 Bc5
9.d4 Be7 10.Ne1 O-O 11.Nd3 Bh7 12.Rc1 Qa5 13.Na4 Rad8 14.Bc3 Qc7 15.cxd5 Nxd5
16.Bb2 Nb4 17.Nxb4 Bxb4 18.e4 Be7 19.Qe2 Rfe8 20.f4 Bf6 21.Qf2 Qa5 22.Bc3 Qa6
23.Ba1 Qa5 24.g4 Qb4 25.e5 Be7 26.Bc3 Qa3 27.Bb2 Qb4 28.Bc3 Qb5 29.f5 Ba3
30.Rcd1 Kh8 31.Kh1 Nb6 32.Nxb6 axb6 33.h4 Ra8 34.h5 Bb4 35.Ba1 Be7 36.f6 gxf6
37.exf6 Bd6 38.Qd2 Rg8 39.Bf3 Bb4 40.Qxh6 Rxa2 41.Be4 Rh2+ 42.Kxh2 Qe2+ 43.Bg2 Rxg4
44.Qg7+ Rxg7 45.fxg7+ Kg8 46.Kg1 Bc2 47.Bf3 Qe3+ 48.Kg2 Bxd1 49.Bxd1 Be1
50.Bf3 Qc1 51.h6 Qg5+  0-1

[Event "Orel"]
[Site "Orel"]
[Date "1992.??.??"]
[Round "?"]
[White "Godes, A."]
[Black "Savon, Vladimir A"]
[Result "1/2-1/2"]
[WhiteElo "2395"]
[BlackElo "2420"]

1.Nf3 d5 2.g3 c6 3.Bg2 Bg4 4.c4 e6 5.O-O Bxf3 6.Bxf3 dxc4 7.Qc2 Qd4 8.e3 Qd3
9.Qd1 Nf6 10.Be2 Qd7 11.Bxc4 c5 12.Qf3 Nc6 13.Bb5 Rc8 14.Nc3 a6 15.Bxc6 Qxc6
16.Qxc6+ Rxc6 17.Rd1 Bd6 18.d4 cxd4 19.exd4 Kd7 20.d5 Nxd5 21.Nxd5  1/2-1/2

[Event "Osijek"]
[Site "Osijek"]
[Date "1992.??.??"]
[Round "1"]
[White "Sale, Srdjan"]
[Black "Kovacevic, Vlatko"]
[Result "0-1"]
[WhiteElo "2370"]
[BlackElo "2545"]

1.Nf3 d5 2.g3 c6 3.Bg2 Bg4 4.O-O Nd7 5.d4 e6 6.Nbd2 f5 7.c4 Bd6 8.b4 Ngf6
9.b5 Rc8 10.Qa4 cxb5 11.Qxb5 Qb6 12.Rb1 Bxf3 13.Bxf3 Qxb5 14.Rxb5 b6 15.cxd5 a6
16.Rb3 exd5 17.Rd1 b5 18.Nf1 Nb6 19.Ne3 g6 20.Bd2 Kd7 21.a4 Nxa4 22.Nxd5 Nxd5
23.Bxd5 Rc2 24.Bb7 Nb2 25.Rb1 Rxd2 26.R3xb2 Rxb2 27.Rxb2 Rb8 28.Bxa6 Kc6
29.Rc2+ Kd5 30.e3 Rb6  0-1

[Event "Ostrava op"]
[Site "Ostrava"]
[Date "1992.??.??"]
[Round "9"]
[White "Nesterov, Jakov"]
[Black "Skomorokhin, Roman"]
[Result "0-1"]
[WhiteElo "2405"]
[BlackElo "2310"]

1.Nf3 d5 2.g3 c5 3.Bg2 g6 4.c4 d4 5.d3 Bg7 6.b4 cxb4 7.a3 bxa3 8.O-O Nc6
9.Nbd2 Nh6 10.Qa4 Bd7 11.Bxa3 O-O 12.Ng5 Qc7 13.Rfc1 Rfd8 14.Rab1 Be8 15.Rc2 Rab8
16.Nde4 a5 17.Rcb2 b6 18.Qc2 Na7 19.Qc1 Nf5 20.Qf4 e5 21.Qd2 h6 22.Nf3 Bc6
23.Ne1 Kh7 24.h4 Nc8 25.h5 gxh5 26.Bf3 Nce7 27.Bxh5 Ng6 28.Bf3 Nfe7 29.Qc2 f5
30.Nd2 Be8 31.Bh5 Bf6 32.Nef3 Bc6 33.Ne1 Rg8 34.Bf3 Nh4 35.Bxc6 Qxc6 36.Bxe7 Bxe7
37.Nef3 Qe6 38.Rb5 Nxf3+ 39.exf3 Bc5 40.Kg2 Qc6 41.Nb3 Bd6 42.Nd2 Qc7 43.Rh1 Rbe8
44.Rh3 Bb4 45.Qc1 Rg6 46.Nf1 Rc8 47.Nd2 Qe7 48.Qc2 Rc5 49.Rh5 Qf7 50.Nf1 Rgc6
51.Rxc5 Rxc5 52.g4 e4 53.Rxf5 Rxf5 54.gxf5 exf3+ 55.Kxf3 Qxf5+ 56.Kg2 Qg6+
57.Ng3 h5 58.Qa4 h4 59.Qd7+ Kh6 60.Qh3 Be7 61.Kh1 Kg5 62.Ne2 Bf6 63.Qg2+ Kh6
64.Qc6 Be5 65.Qd7 Qf6 66.Kg2 Qg7+  0-1

[Event "Ostrava"]
[Site "Ostrava"]
[Date "1992.??.??"]
[Round "10"]
[White "Sorokin, Maxim"]
[Black "Rublevsky, Sergei"]
[Result "1/2-1/2"]
[WhiteElo "2550"]
[BlackElo "2535"]

1.Nf3 d5 2.g3 Nf6 3.Bg2 Bf5 4.c4 e6 5.O-O c6 6.b3 Nbd7 7.Bb2 Be7 8.d3 h6
9.Nbd2 O-O 10.Rc1 Bh7 11.Rc2 a5 12.a3 Qb6 13.Qa1 Rfd8 14.cxd5 exd5 15.Bh3 Bf8
16.Nd4 Re8 17.Re1 Nc5 18.Rcc1 Rad8 19.Bf5 Nfd7 20.Bxh7+  1/2-1/2

[Event "Oviedo rapid45"]
[Site "Oviedo"]
[Date "1992.??.??"]
[Round "4"]
[White "McNab, Colin Anderson"]
[Black "Tukmakov, Vladimir B"]
[Result "0-1"]
[WhiteElo "2475"]
[BlackElo "2535"]

1.Nf3 d5 2.g3 c6 3.Bg2 Bg4 4.d3 Nd7 5.h3 Bh5 6.O-O e6 7.b3 Ngf6 8.Bb2 Bd6
9.e4 Qc7 10.Qe1 dxe4 11.dxe4 Bc5 12.e5 Nd5 13.a3 Bg6 14.Qe2 Be7 15.Nc3 Nxc3
16.Bxc3 O-O 17.Rfe1 Rfd8 18.Bb2 a5 19.Nd4 Nb6 20.Kh1 Rd7 21.f4 Rad8 22.Rad1 Bc5
23.c3 Nd5 24.Qc4 Qb6 25.f5 exf5 26.e6 Re7 27.exf7+ Bxf7 28.Nxf5 Rxe1+ 29.Rxe1 Ne3
30.Qf4 Nxg2 31.Qg5 Bg6 32.Kxg2 Bxf5 33.Qxf5 Qxb3 34.Re2 Qd5+ 35.Qxd5+ Rxd5
36.c4 Rd3 37.a4 Kf7 38.Be5 Rb3 39.Rd2 Rb4 40.Bc7 Rxa4 41.Rd7+ Ke6 42.Rxg7 Rxc4
43.Rxh7 Rc2+ 44.Kf3 a4 45.Bf4 a3 46.Rxb7 Rf2+ 47.Kg4 a2  0-1

[Event "Oviedo rapid45"]
[Site "Oviedo"]
[Date "1992.??.??"]
[Round "5"]
[White "Todorcevic, Miodrag"]
[Black "Cruz Lopez Claret, Carlos"]
[Result "1-0"]
[WhiteElo "2470"]
[BlackElo "2260"]

1.Nf3 d5 2.g3 c6 3.Bg2 Bg4 4.d3 e6 5.O-O Nd7 6.b3 h5 7.h4 Qc7 8.Nbd2 Bc5
9.d4 Be7 10.c4 Nh6 11.e4 g5 12.hxg5 Bxg5 13.exd5 O-O-O 14.d6 Qa5 15.c5 Qc3
16.Rb1 Qd3 17.b4 h4 18.Qb3 Qxb3 19.Nxb3 Bxc1 20.Rbxc1 hxg3 21.Ne5 Nxe5 22.dxe5 Be2
23.Rfe1 gxf2+ 24.Kxf2 Bd3 25.Bf3 Nf5 26.Rh1 Nh4 27.Nd4 Ng6 28.b5 Nxe5 29.bxc6 Nxf3
30.Kxf3 Bc4 31.cxb7+ Kxb7 32.c6+ Kc8 33.Rxh8 Bd5+ 34.Kf4 Rxh8 35.Nb5 Bxc6
36.Rxc6+ Kd8 37.Rc7 Rh5 38.Nxa7 Rd5 39.Nc6+ Ke8 40.d7+  1-0

[Event "Oviedo rapid45"]
[Site "Oviedo"]
[Date "1992.??.??"]
[Round "6"]
[White "Danailov, Silvio"]
[Black "Kramnik, Vladimir"]
[Result "1/2-1/2"]
[WhiteElo "2445"]
[BlackElo "2590"]

1.Nf3 d5 2.g3 c6 3.b3 Bg4 4.Bg2 Nd7 5.Bb2 e6 6.O-O Ngf6 7.d3 Bd6 8.Nbd2 O-O
9.Qe1 e5 10.e4 Re8 11.h3 Bh5 12.Nh4 a5 13.a3 Bc5 14.Ndf3 Qc7 15.Nf5 Bxf3
16.Bxf3 Nf8 17.Bg2 dxe4 18.dxe4 Ne6 19.c3 Bf8 20.b4 b5 21.Qe2 Nd7 22.Ne3 Nb6
23.h4 Nd8 24.Rfc1 Nb7 25.c4 bxc4 26.Nxc4 Na4 27.Qc2 Nxb2 28.Qxb2 Rab8 29.Qc3 axb4
30.axb4 Nd8 31.Rab1 Qe7 32.Na5 Rb6 33.Bh3  1/2-1/2

[Event "Palma de Mallorca op"]
[Site "Palma de Mallorca"]
[Date "1992.??.??"]
[Round "2"]
[White "Danailov, Silvio"]
[Black "Serra Olives, Tomas"]
[Result "0-1"]
[WhiteElo "2445"]
[BlackElo "2290"]

1.Nf3 d5 2.g3 Nf6 3.Bg2 Bf5 4.O-O e6 5.d3 Be7 6.Nh4 Bg4 7.h3 Bh5 8.Nd2 O-O
9.g4 Nfd7 10.gxh5 Bxh4 11.Nf3 Bf6 12.e4 dxe4 13.dxe4 Nc6 14.Qe2 Nde5 15.Nxe5 Bxe5
16.f4 Bd4+ 17.Kh1 Qh4 18.c3 Bb6 19.Bd2 Rad8 20.Be1 Qe7 21.Rf3 h6 22.Rg3 Qc5
23.Bf1 f5 24.Qg2 Rf7 25.b4 Qe7 26.e5 Nb8 27.Rg6 Nd7 28.Bc4 Nf8 29.Rxh6 Be3
30.Rf6 Bxf4 31.Bh4 Rd2 32.Qf3 Qd7 33.Rxf7 Kxf7 34.Rf1 Rh2+ 35.Kg1 Qd2 36.Bf2 Kg8
37.Be1 Be3+ 38.Bf2 Rxf2 39.Rxf2 Bxf2+ 40.Qxf2 Qxc3 41.Qc5 Qg3+ 42.Kf1 c6
43.Ke2 Qxh3 44.Qxa7 Qg4+ 45.Kd3 Qe4+ 46.Kc3 Qxe5+ 47.Kc2 Qe4+ 48.Kc3 b5 49.Bd3 Qe1+
50.Kb3 Qd1+ 51.Bc2 Qxh5  0-1

[Event "Pamplona"]
[Site "Pamplona"]
[Date "1992.??.??"]
[Round "1"]
[White "Damljanovic, Branko"]
[Black "De la Villa Garcia, Jesus Maria"]
[Result "1/2-1/2"]
[WhiteElo "2595"]
[BlackElo "2475"]

1.Nf3 d5 2.g3 Nf6 3.Bg2 c6 4.O-O Bg4 5.d3 Nbd7 6.Nbd2 e5 7.e4 dxe4 8.dxe4 Bc5
9.h3 Bh5 10.Qe1 O-O 11.a4 Ne8 12.Nh4 a5 13.Nb3 Bb6 14.Be3 Bxe3 15.Qxe3 Nd6
16.Qd3 Nb6 17.Qc3 Nd7 18.Nf5 Nxf5 19.exf5 f6 20.g4 Bf7 21.Rfd1 Qc7 22.Nxa5 Rxa5
23.Rxd7 Qxd7 24.Qxa5 h5 25.Qc3 hxg4 26.hxg4 Rd8 27.Bf3 Qe7 28.a5 Bd5 29.Be2 Kf7
30.Qa3 Rh8 31.Qxe7+ Kxe7 32.f3 e4 33.Re1 Kd6 34.c4 exf3 35.cxd5 fxe2 36.dxc6 bxc6
37.Rxe2 Rb8 38.Rd2+ Ke5 39.Kg2 Rb5 40.Rc2 Rxa5 41.Rxc6 Rb5 42.Kg3 Rb3+ 43.Kh4 Rxb2
44.Kh5 Rb7 45.Kg6 Kf4 46.Rc4+ Ke5 47.Rc1 Kf4 48.Kh5 Ra7 49.Rf1+ Ke5 50.Kg6 Rb7
51.g5 fxg5 52.Kxg5 Ke4 53.Kg4 Ke5 54.Kg5 Ke4 55.Re1+ Kf3 56.Rf1+ Ke4  1/2-1/2

[Event "Pardubice op"]
[Site "Pardubice"]
[Date "1992.??.??"]
[Round "6"]
[White "Sergeev, Vladimir"]
[Black "Shumiakina, Tatiana"]
[Result "1-0"]
[WhiteElo "2425"]
[BlackElo "2310"]

1.Nf3 d5 2.g3 c6 3.Bg2 Bg4 4.O-O Nd7 5.d3 e5 6.c4 Ngf6 7.cxd5 cxd5 8.d4 e4
9.Ne5 Be6 10.Nc3 Qb6 11.Bf4 Be7 12.Qb3 Qxb3 13.axb3 a6 14.f3 exf3 15.Bxf3 Nb6
16.Nd3 Nfd7 17.e4 Nf6 18.e5 Nfd7 19.Be3 O-O-O 20.Rac1 Kb8 21.Nf4 Nf8 22.h4 f5
23.exf6 Bxf6 24.Nh5 Nfd7 25.Nxf6 Nxf6 26.Bf4+ Ka7 27.Ra1 Bh3 28.Rfe1 Rd7
29.b4 Bf5 30.Nb5+ Ka8 31.Nc7+ Ka7 32.Nb5+ Ka8 33.Nc3 Ka7 34.b5 Nc4 35.Ra2 Rc8
36.bxa6 bxa6 37.b3 Nb2 38.Nb5+ Kb6 39.Nd6 Rxd6 40.Bxd6 Nd3 41.Rea1 Rc1+ 42.Rxc1 Nxc1
43.Bc5+ Kb7 44.Ra3 Nd3 45.b4 Nb2 46.Re3 Be4 47.Bf8 Nc4 48.Rc3 Nd2 49.Be2 g6
50.Be7 Ne8 51.Bg5 Nb1 52.Rc5 Nc7 53.Bg4 Na3 54.Bd8 Nab5 55.Bxc7 Nxc7 56.Bd7 Kb8
57.Kf2 Kb7 58.Ke3 Kb8 59.Kf4 Na8 60.Bc8 Nc7 61.Rxc7 Kxc7 62.Bxa6 Kb6 63.Be2 h5
64.Ke5 Kc6 65.Bd1 Kb5 66.Bb3 Kc6 67.b5+ Kxb5 68.Bxd5 Bf5 69.Be4  1-0

[Event "Pardubice op"]
[Site "Pardubice"]
[Date "1992.??.??"]
[Round "7"]
[White "Ftacnik, Lubomir"]
[Black "Vaulin, Alexander"]
[Result "1/2-1/2"]
[WhiteElo "2535"]
[BlackElo "2515"]

1.Nf3 d5 2.g3 c6 3.Bg2 Bg4 4.d3 Nf6 5.O-O Nbd7 6.c4 dxc4 7.dxc4 e5 8.Qc2 Be7
9.Nh4 O-O 10.Nf5 Bc5 11.Nc3 Re8 12.Rb1 Bf8 13.b4 a5 14.b5 e4 15.Ne3 Bh5 16.bxc6 bxc6
17.Rd1 Qc7 18.Nf5 Bg6 19.Bh3 Bc5 20.Bf4 Qa7 21.Ne3 Nf8 22.Na4 Nh5 23.Nxc5 Nxf4
24.gxf4 Qxc5  1/2-1/2

[Event "Paris-ch"]
[Site "Paris"]
[Date "1992.??.??"]
[Round "5"]
[White "Giffard, Nicolas"]
[Black "Van Dongen, Patrick"]
[Result "1-0"]
[WhiteElo "2340"]
[BlackElo "2225"]

1.Nf3 d5 2.g3 Nc6 3.d4 Bf5 4.Bg2 e6 5.O-O a5 6.a4 Nf6 7.Na3 Be7 8.c3 O-O
9.Nb5 Be4 10.Re1 Na7 11.Bf1 Nc8 12.Nd2 Bg6 13.Bg2 c6 14.Na3 Nd6 15.Nb3 Nd7
16.Bf4 f6 17.Bxd6 Bxd6 18.Nd2 f5 19.f4 Bh5 20.Qb3 Rb8 21.Nc2 g5 22.e3 Nf6
23.Nf3 Bxf3 24.Bxf3 Ne4 25.Re2 Kh8 26.Ne1 Rg8 27.Rg2 gxf4 28.exf4 c5 29.Bxe4 fxe4
30.dxc5 Bxc5+ 31.Kh1 Qf6 32.Rd1 b6 33.Qc2 h5 34.Qe2 Qf5 35.Nc2 Rb7 36.b4 axb4
37.cxb4 Bd6 38.Ne3 Qf6 39.f5 d4 40.Nc4 exf5 41.Nxd6 Qxd6 42.Qxh5+ Rh7 43.Qxf5 Re8
44.Rc2 Qd8 45.Rc6 e3 46.Re6 Rxe6 47.Qxe6 Re7 48.Qf6+ Kg8 49.Qg5+ Kh8 50.Qh4+ Kg8
51.Qg4+ Kf8 52.Rxd4 Qa8+ 53.Kg1 e2 54.Rf4+ Ke8 55.Qg8+ Kd7 56.Qxa8 e1=Q+
57.Rf1 Qxb4 58.Qb7+ Ke6 59.Qc6+ Ke5 60.Qf6+ Kd5 61.Rf5+  1-0

[Event "BUL-ch (Women)"]
[Site "Pernik"]
[Date "1992.??.??"]
[Round "7"]
[White "Danova, Tanja"]
[Black "Bratimirova, Dimitrinka"]
[Result "1-0"]
[WhiteElo "2120"]
[BlackElo "2100"]

1.Nf3 d5 2.g3 c6 3.Bg2 g6 4.d4 Bg7 5.O-O Nd7 6.c4 e6 7.Qc2 Ngf6 8.b3 O-O
9.Nbd2 Re8 10.Bb2 b6 11.Ne5 Nxe5 12.dxe5 Nd7 13.f4 Ba6 14.Rfd1 Rc8 15.a4 Qc7
16.e4 dxc4 17.Nxc4 Bxc4 18.Qxc4 Nc5 19.b4 Nxa4 20.Bd4 b5 21.Qb3 Red8 22.Rac1 Bf8
23.f5 Qe7 24.Bh3 exf5 25.exf5 gxf5 26.Bxf5 Rc7 27.e6 Bg7 28.Be3 Rxd1+ 29.Rxd1 fxe6
30.Bxe6+ Kh8 31.Bf4 Rb7 32.Bc8 Rb6 33.Qe6 Qxe6 34.Bxe6 Bf6 35.Rd8+  1-0

[Event "World op"]
[Site "Philadelphia"]
[Date "1992.??.??"]
[Round "2"]
[White "Reichstein, Boris"]
[Black "Shabalov, Alexander"]
[Result "0-1"]
[WhiteElo "2285"]
[BlackElo "2535"]

1.Nf3 d5 2.g3 Bg4 3.Ne5 Bh5 4.d4 Nd7 5.Bg2 c6 6.O-O e6 7.b3 Bd6 8.Nd3 Ngf6
9.Bf4 Be7 10.Nd2 O-O 11.Qe1 Qb6 12.c3 Qa6 13.c4 Rad8 14.Bc7 Rc8 15.Be5 Rfd8
16.a3 Bg6 17.Nb4 Qa5 18.Nf3 Kh8 19.Nh4 dxc4 20.Nxg6+ hxg6 21.Qc3 cxb3 22.Bf4 Nb6
23.Be3 Qb5 24.Qd3 Nc4  0-1

[Event "Pila"]
[Site "Pila"]
[Date "1992.??.??"]
[Round "10"]
[White "Nesterov, Jakov"]
[Black "Polgar, Sofia"]
[Result "0-1"]
[WhiteElo "2405"]
[BlackElo "2415"]

1.Nf3 d5 2.g3 Nf6 3.Bg2 c6 4.O-O Bg4 5.d3 e6 6.Nbd2 Nbd7 7.h3 Bh5 8.e4 Bd6
9.Qe1 e5 10.Nh4 O-O 11.f4 exf4 12.gxf4 Re8 13.Qg3 Be2 14.Nf5 Nh5 15.Qf2 Bc5
16.d4 Bxf1 17.Nxf1 Bf8 18.e5 g6 19.Bf3 Nhf6 20.N5g3 Ne4 21.Nxe4 dxe4 22.Bxe4 f5
23.Bd3 b5 24.c3 Nb6 25.Ne3 Qd7 26.Qg2 Kh8 27.Be2 Bh6 28.Bf3 Rac8 29.Qg3 g5
30.Ng2 gxf4 31.Qh4 Qg7 32.Bxf4 Bxf4 33.Qxf4 Nd5 34.Qxf5 Rg8 35.Bg4 Rcf8 36.Qh5 b4
37.c4 Nf4 38.Nxf4 Rxf4 39.Rd1 Qe7 40.Kg2 c5 41.Qh6 Qf7 42.Rd2 cxd4 43.e6 Rfxg4+  0-1

[Event "RUS-chT"]
[Site "Podolsk"]
[Date "1992.??.??"]
[Round "?"]
[White "Pigusov, Evgeny"]
[Black "Svirin, O."]
[Result "1-0"]
[WhiteElo "2550"]
[BlackElo "2370"]

1.Nf3 d5 2.g3 c6 3.c4 dxc4 4.Bg2 b5 5.Nc3 Bb7 6.b3 cxb3 7.Qxb3 e6 8.O-O a6
9.d4 Nf6 10.Bg5 Nbd7 11.Ne5 Qb6 12.Nxd7 Nxd7 13.Rfd1 c5 14.Na4 Qc7 15.Bxb7 Qxb7
16.dxc5 Rb8 17.Rac1 Qc6 18.Nb6 Nxc5 19.Nd7 Qxd7 20.Rxc5 Qxd1+ 21.Qxd1 Bxc5
22.Qc1 f6 23.Bf4 e5 24.Qxc5 exf4 25.gxf4 Kf7 26.Qa7+ Kg6 27.e4 Rhf8 28.f5+ Kh6
29.Qe3+ g5 30.h4 Rg8 31.Kf1 Rbc8 32.Qb6 Rgf8 33.e5 gxh4 34.e6 Kg5 35.e7 Rfe8
36.Qe6 Rc7 37.f4+ Kg4 38.Qe2+ Kxf5 39.Qh5+ Ke6 40.Qxe8 Rxe7 41.Qc6+ Kf7 42.Qxa6 Kg6
43.Qxb5 Re4 44.Kg2 Rxf4 45.a4 Rg4+  1-0

[Event "RUS-chT"]
[Site "Podolsk"]
[Date "1992.??.??"]
[Round "?"]
[White "Savon, Vladimir A"]
[Black "Samarin, Igor"]
[Result "1-0"]
[WhiteElo "2440"]
[BlackElo "2400"]

1.Nf3 d5 2.g3 c6 3.Bg2 Bg4 4.d3 Nd7 5.h3 Bxf3 6.Bxf3 Ngf6 7.Nd2 e5 8.e4 dxe4
9.dxe4 Qc7 10.c3 a5 11.a4 Bc5 12.O-O O-O 13.Be2 Nb6 14.Qc2 Rfe8 15.Nb3 Bf8
16.Be3 Nbd7 17.Rfd1 h6 18.Kg2 b6 19.Rd2 Nc5 20.Bxc5 Bxc5 21.Nxc5 bxc5 22.Rad1 Red8
23.Bc4 Rab8 24.b3 Kf8 25.Rd3 Ke7 26.f3 Ne8 27.Qf2 Rxd3 28.Rxd3 Qa7 29.f4 Nd6
30.fxe5 Nxc4 31.bxc4 Rb3 32.Qf5 Rb2+ 33.Kf3 Qc7 34.Kg4 Re2 35.h4 Ke8 36.e6 fxe6
37.Qxe6+ Qe7 38.Qg8+  1-0

[Event "Podolsk"]
[Site "Podolsk"]
[Date "1992.??.??"]
[Round "?"]
[White "Giorgadze, Giorgi"]
[Black "Bagirov, Vladimir"]
[Result "1/2-1/2"]
[WhiteElo "2525"]
[BlackElo "2500"]

1.Nf3 d5 2.g3 Bg4 3.Bg2 Nd7 4.d4 e6 5.O-O Ngf6 6.b3 Bd6 7.c4 c6 8.Bb2 Qe7
9.Ne5 Bf5 10.Nxd7 Nxd7 11.Nd2 O-O 12.e4 dxe4 13.Nxe4 Ba3 14.Bc3 Bb4 15.Bb2  1/2-1/2

[Event "POL-ch"]
[Site "?"]
[Date "1992.??.??"]
[Round "5"]
[White "Jasnikowski, Zbigniew"]
[Black "Kuczynski, Robert"]
[Result "1/2-1/2"]
[WhiteElo "2450"]
[BlackElo "2500"]

1.Nf3 d5 2.g3 c6 3.Bg2 Bg4 4.h3 Bh5 5.d3 Nd7 6.g4 Bg6 7.Nh4 e6 8.Nxg6 hxg6
9.c4 Bc5 10.cxd5 cxd5 11.a3 Ne7 12.d4 Bb6 13.Nc3 Nc6 14.e3  1/2-1/2

[Event "Rubinstein mem"]
[Site "Polanica Zdroj"]
[Date "1992.??.??"]
[Round "8"]
[White "Romanishin, Oleg M"]
[Black "Flear, Glenn C"]
[Result "1-0"]
[WhiteElo "2555"]
[BlackElo "2505"]

1.Nf3 d5 2.g3 Nf6 3.Bg2 c6 4.O-O Bf5 5.d3 e6 6.c4 dxc4 7.dxc4 Qxd1 8.Rxd1 Nbd7
9.Nc3 Bc2 10.Re1 Bg6 11.Nh4 Bb4 12.Nxg6 hxg6 13.Bf4 Nb6 14.Rec1 Nxc4 15.Na4 Nb6
16.a3 Be7 17.Nxb6 axb6 18.Rxc6 Bc5 19.Rc7 O-O 20.Bxb7 Rad8 21.Bf3 Nd5 22.Bxd5 Rxd5
23.b4 Bd4 24.Ra2 g5 25.e4 Rb5 26.Bd6 Be5 27.Bxf8 Bxc7 28.Be7 f6 29.Rc2 Bb8
30.Rc8+ Kf7 31.a4 Re5 32.Bxf6  1-0

[Event "Ponferrada op"]
[Site "Ponferrada"]
[Date "1992.??.??"]
[Round "?"]
[White "Todorcevic, Miodrag"]
[Black "Ubilava, Elizbar"]
[Result "1/2-1/2"]
[WhiteElo "2465"]
[BlackElo "2540"]

1.Nf3 d5 2.g3 g6 3.Bg2 Bg7 4.c4 e6 5.O-O Ne7 6.Qc2 Nbc6 7.a3 O-O 8.d3 a5
9.Nc3 Nf5 10.cxd5 exd5 11.Nb5 Nfd4 12.Nbxd4 Nxd4 13.Nxd4 Bxd4 14.Bh6 Re8
15.e3 Bf6 16.e4 Be6 17.Rfe1 c6 18.exd5 cxd5 19.Qb3 a4 20.Qxb7 Rb8 21.Qa7 Rxb2
22.Qxa4 Rxf2 23.Rab1 Bd7 24.Rxe8+ Qxe8 25.Qa7 Rb2 26.Rxb2 Bxb2 27.h4 Bc6
28.Kh2 Qa8 29.Qxa8+ Bxa8 30.a4 Bc3 31.Be3  1/2-1/2